[Event "World Cup"]
[Site "Khanty-Mansiysk RUS"]
[Date "2007.11.29"]
[Round "2.3"]
[White "Sasikiran, K."]
[Black "Zvjaginsev, V."]
[Result "1/2-1/2"]
[WhiteElo "2661"]
[BlackElo "2674"]
[PlyCount "101"]
[EventDate "2007.11.24"]
[Source "www.chesslib.no"]
[SourceDate "2004.05.04"]

1. d4 d5 2. c4 e6 3. Nc3 Be7 4. Nf3 Nf6 5. Bg5 O-O 6. e3 Nbd7 7. Rc1 h6 8. Bh4 c6 9. Bd3 a6 10. a4 b6 11. O-O Bb7 12. Qe2 c5 13. Bg3 Ne4 14. cxd5 exd5 15. Rfd1 Nxg3 16. hxg3 Nf6 17. dxc5 Bxc5 18. a5 Bd6 19. axb6 Qxb6 20. Bb1 Rfe8 21. Nd4 Rab8 22. Ba2 Bf8 23. Rc2 Rbd8 24. Qd2 Ne4 25. Qc1 Nxc3 26. Rxc3 Qa5 27. Qb1 g6 28. Bb3 Bg7 29. Qa2 Qxa2 30. Bxa2 Rc8 31. Rcd3 Re4 32. Bb3 Kf8 33. R3d2 Bxd4 34. Rxd4 Rxd4 35. Rxd4 Rc1+ 36. Kh2 Rf1 37. Rd2 h5 38. Bd1 f5 39. Be2 Rc1 40. Bf3 Ke7 41. Bxd5 Bxd5 42. Rxd5 Rc2 43. Ra5 Rxb2 44. Rxa6 Rxf2 45. Rxg6 Re2 46. Rh6 Rxe3 47. Rxh5 Kf6 48. Rh8 Kg5 49. Rg8+ Kh5 50. Kg1 Re2 51. Kf1 1/2-1/2

[Event "Sarajevo 72/400"]
[Site "?"]
[Date "1998.??.??"]
[Round "?"]
[White "Piket, Jeroen"]
[Black "Georgiev, Kiril"]
[Result "1/2-1/2"]
[WhiteElo "2575"]
[BlackElo "2675"]
[PlyCount "132"]
[Source "ChessBase"]
[SourceDate "1998.02.01"]

1. d4 Nf6 2. Nf3 d5 3. c4 e6 4. Nc3 Nbd7 5. Bg5 h6 6. Bh4 Be7 7. e3 O-O 8. Rc1 c6 9. Bd3 dxc4 10. Bxc4 c5 11. O-O a6 12. a4 b6 13. Bg3 Bb7 14. d5 exd5 15. Nxd5 Nxd5 16. Bxd5 Qc8 17. Nd4 Nf6 18. Bxb7 Qxb7 19. Nf5 Rfd8 20. Qf3 Ra7 21. Rfd1 Rxd1+ 22. Rxd1 Qxf3 23. gxf3 Nh5 24. Be5 Kh7 25. f4 Bf6 26. Rd5 g6 27. Ng3 Bxe5 28. fxe5 Nxg3 29. hxg3 c4 30. Kf1 Rc7 31. Rd6 b5 32. Rxa6 bxa4 33. Rxa4 h5 34. Ke2 c3 35. bxc3 Rxc3 36. e6 fxe6 37. Ra6 Rc2+ 38. Ke1 e5 39. Ra5 e4 40. Ra4 g5 41. Rxe4 g4 42. Re6 Kg7 43. Rd6 Ra2 44. Rd2 Ra5 45. Ke2 Ra3 46. e4 Kg6 47. Rd3 Ra8 48. Ke3 Rf8 49. Rd2 Kg5 50. Rb2 Rf3+ 51. Kd4 Kf6 52. e5+ Ke7 53. Ra2 Ke6 54. Ke4 Ke7 55. Kd5 Rd3+ 56. Ke4 Rf3 57. Re2 Rf8 58. Rd2 Ke6 59. Rd6+ Ke7 60. Rh6 Rxf2 61. Rxh5 Rf3 62. Rh7+ Ke6 63. Rh6+ Ke7 64. Rg6 Rxg3 65. Kf4 Rf3+ 66. Kxg4 Rf1 1/2-1/2

[Event "Elista ol (Men)"]
[Site "Elista"]
[Date "1998.10.04"]
[Round "6"]
[White "Dautov, Rustem"]
[Black "Ehlvest, Jaan"]
[Result "1/2-1/2"]
[WhiteElo "2625"]
[BlackElo "2620"]
[PlyCount "45"]
[EventDate "1998.09.29"]
[Source "ChessBase"]
[SourceDate "1998.11.06"]

1. d4 Nf6 2. Nf3 d5 3. c4 e6 4. Nc3 Be7 5. Bg5 O-O 6. e3 Nbd7 7. Rc1 c6 8. Bd3 a6 9. b3 b6 10. O-O Bb7 11. Qe2 c5 12. Rfd1 Ne4 13. Bf4 Nxc3 14. Rxc3 Nf6 15. Ne5 a5 16. a4 Rc8 17. Rcc1 Re8 18. h3 g6 19. Nf3 Bd6 20. Bg5 Be7 21. Bf4 Bd6 22. Bg5 Be7 23. Bf4 1/2-1/2

[Event "Moscow 5'"]
[Site "Moscow RUS"]
[Date "1972.??.??"]
[Round "?"]
[White "Korchnoi, Viktor L"]
[Black "Balashov, Yuri S"]
[Result "0-1"]
[WhiteElo "2640"]
[BlackElo "2560"]
[PlyCount "66"]
[EventDate "1972.??.??"]
[Source "www.chesslib.no"]
[SourceDate "2004.05.04"]

1. c4 Nf6 2. Nc3 e6 3. Nf3 d5 4. d4 Be7 5. Bg5 O-O 6. e3 Nbd7 7. Rc1 c6 8. Bd3 a6 9. O-O dxc4 10. Bxc4 b5 11. Bd3 c5 12. Ne4 cxd4 13. Nxd4 Ne5 14. Nxf6+ Bxf6 15. Be4 Rb8 16. Bf4 Bb7 17. Bxh7+ Kxh7 18. Bxe5 Qd5 19. Nc6 Bxc6 20. Qxd5 Bxd5 21. Bxb8 Rxb8 22. b3 a5 23. f3 a4 24. bxa4 bxa4 25. Rc2 Bb2 26. Rc7 Kg8 27. Rd1 a3 28. e4 Bxa2 29. Rdd7 Bb3 30. Rxf7 a2 31. Ra7 a1=Q+ 32. Rxa1 Bd4+ 33. Kh1 Bxa1 0-1

[Event "Keres mem 30'"]
[Site "Tallinn"]
[Date "2000.01.22"]
[Round "1"]
[White "Ehlvest, Jaan"]
[Black "Sveshnikov, Evgeny"]
[Result "1-0"]
[WhiteElo "2622"]
[BlackElo "2541"]
[PlyCount "61"]
[EventDate "2000.01.22"]
[Source "ChessBase"]
[SourceDate "2000.03.10"]

1. c4 e6 2. d4 d5 3. Nf3 Nf6 4. Nc3 c6 5. Bg5 h6 6. Bh4 Be7 7. e3 O-O 8. Rc1 Nbd7 9. Bd3 dxc4 10. Bxc4 b5 11. Be2 Bb7 12. a3 a5 13. O-O b4 14. axb4 axb4 15. Na4 Qa5 16. b3 Rfc8 17. Nd2 c5 18. Nc4 Qd8 19. dxc5 Bxc5 20. Bxf6 gxf6 21. Bf3 Bxf3 22. Qxf3 Be7 23. Rcd1 Qc7 24. Rd4 Rd8 25. Qg4+ Kh7 26. Qh5 Rg8 27. Qxf7+ Rg7 28. Qxe6 Ne5 29. Nxe5 fxe5 30. Rd7 Ra6 31. Qf5+ 1-0

[Event "SUI-chT Basel-Biel"]
[Site "Svizzera"]
[Date "2007.04.22"]
[Round "3.2"]
[White "Stojanovic, Mihajlo"]
[Black "Pelletier, Yannick"]
[Result "1/2-1/2"]
[WhiteElo "2544"]
[BlackElo "2599"]
[PlyCount "31"]
[EventDate "2007.02.25"]
[Source "www.chesslib.no"]
[SourceDate "2004.05.04"]

1. Nf3 Nf6 2. c4 e6 3. Nc3 d5 4. d4 Be7 5. Bg5 h6 6. Bh4 O-O 7. e3 Nbd7 8. Rc1 c6 9. Bd3 dxc4 10. Bxc4 b5 11. Bd3 Bb7 12. O-O Rc8 13. Qe2 b4 14. Bxf6 Nxf6 15. Na4 c5 16. Nxc5 1/2-1/2

[Event "BL 0607 SG Köln Porz - Bindl-Aktionär"]
[Site "Germania"]
[Date "2007.02.24"]
[Round "10.5"]
[White "Bischoff, Klaus"]
[Black "Graf, Alexander"]
[Result "1/2-1/2"]
[WhiteElo "2533"]
[BlackElo "2601"]
[PlyCount "133"]
[EventDate "2006.10.28"]
[Source "www.chesslib.no"]
[SourceDate "2004.05.04"]

1. d4 Nf6 2. c4 e6 3. Nf3 d5 4. Nc3 Be7 5. Bg5 O-O 6. e3 h6 7. Bh4 Nbd7 8. Rc1 c6 9. Bd3 dxc4 10. Bxc4 a6 11. a4 c5 12. O-O cxd4 13. exd4 Nb6 14. Ba2 Bd7 15. Bb1 Nbd5 16. Ne5 Be8 17. Re1 Nb4 18. Bg3 Nfd5 19. Nxd5 Nxd5 20. Qd3 g6 21. Qb3 Bg5 22. Rcd1 Qb6 23. Qxb6 Nxb6 24. h4 Be7 25. Be4 Bxa4 26. b3 Bb5 27. Bxb7 Ra7 28. Bf3 h5 29. Ra1 Bf6 30. Rec1 Rc8 31. Rxc8+ Nxc8 32. d5 exd5 33. Bxd5 Nb6 34. Rd1 Nxd5 35. Rxd5 Rc7 36. Kh2 Rc3 37. Nd7 Bxd7 38. Rxd7 Rxb3 39. Rd6 Kg7 40. Rxa6 Rb4 41. Ra7 Bxh4 42. Bxh4 Rxh4+ 43. Kg1 Rf4 44. f3 g5 45. Ra8 Rb4 46. Kh2 Rb3 47. Ra4 Kg6 48. Rc4 Re3 49. Ra4 Kf5 50. Ra5+ Re5 51. Ra7 f6 52. Rh7 Kg6 53. Rh8 Ra5 54. Rg8+ Kh7 55. Rb8 g4 56. fxg4 hxg4 57. Kg3 Ra4 58. Kh4 Kg6 59. Rb5 Rf4 60. Ra5 Kf7 61. Ra6 Ke7 62. Rb6 f5 63. Kg5 Rf2 64. g3 Rf3 65. Rf6 Rxg3 66. Rxf5 Rf3 67. Kxg4 1/2-1/2

[Event "Manila ol (Men)"]
[Site "Manila PHI"]
[Date "1992.??.??"]
[Round "?"]
[White "Piket, Jeroen"]
[Black "Graf, Alexander"]
[Result "1/2-1/2"]
[WhiteElo "2615"]
[BlackElo "2515"]
[PlyCount "80"]
[EventDate "1992.06.??"]
[Source "www.chesslib.no"]
[SourceDate "2004.05.04"]

1. d4 d5 2. Nf3 Nf6 3. c4 e6 4. Nc3 Be7 5. Bg5 O-O 6. e3 Nbd7 7. Rc1 c6 8. Bd3 h6 9. Bh4 dxc4 10. Bxc4 a6 11. O-O b5 12. Be2 c5 13. dxc5 Nxc5 14. Nd4 Bb7 15. Bf3 Qb6 16. Bxb7 Qxb7 17. Bxf6 Bxf6 18. Ncxb5 axb5 19. Rxc5 Bxd4 20. Qxd4 Ra7 21. h3 Rxa2 22. b4 Qb8 23. Rfc1 Rd8 24. Rxb5 Qxb5 25. Qxd8+ Kh7 26. Qe7 Kg6 27. Rc7 Ra1+ 28. Kh2 Qf5 29. Qh4 Rf1 30. f4 Qb1 31. Qg4+ Kf6 32. Qe2 Rh1+ 33. Kg3 Qxb4 34. e4 Qe1+ 35. Qxe1 Rxe1 36. e5+ Kg6 37. Kf2 Re4 38. Kf3 Ra4 39. g4 Ra5 40. Ke4 Ra4+ 1/2-1/2

[Event "EU-chT (Men)"]
[Site "Debrecen"]
[Date "1992.??.??"]
[Round "3"]
[White "Rivas Pastor, Manuel"]
[Black "Andersson, Ulf"]
[Result "0-1"]
[WhiteElo "2520"]
[BlackElo "2605"]
[PlyCount "60"]
[EventDate "1992.11.??"]
[Source "ChessBase"]

1. d4 Nf6 2. c4 e6 3. Nf3 d5 4. Nc3 Nbd7 5. Bg5 h6 6. Bh4 Be7 7. e3 O-O 8. Rc1 c6 9. Bd3 dxc4 10. Bxc4 b5 11. Bd3 a6 12. O-O c5 13. Bxf6 Bxf6 14. a4 cxd4 15. exd4 bxa4 16. Nxa4 Bb7 17. Be2 Rb8 18. Ra1 a5 19. Qd2 Bxf3 20. Bxf3 Rb4 21. Rfd1 Bxd4 22. Qe2 Ne5 23. g3 Qf6 24. Kg2 Rfb8 25. Rd2 g6 26. Ra2 Rc8 27. Bb7 Rc1 28. Qa6 Kg7 29. Nc3 Bxc3 30. bxc3 Rbb1 0-1

[Event "otb"]
[Site "otb"]
[Date "2007.03.15"]
[Round "11"]
[White "Stojanovic Mihajlo"]
[Black "Savic Miodrag R"]
[Result "1-0"]
[WhiteElo "2576"]
[BlackElo "2533"]
[PlyCount "77"]
[Source "www.chesslib.no"]
[SourceDate "2004.05.04"]

1. c4 e6 2. Nc3 d5 3. d4 Be7 4. Nf3 Nf6 5. Bg5 O-O 6. e3 Nbd7 7. Rc1 c6 8. Bd3 Re8 9. O-O Nf8 10. c5 Ng6 11. b4 Qc7 12. Bxg6 hxg6 13. Ne5 Bf8 14. Qf3 Nh7 15. Bf4 Qd8 16. Rb1 g5 17. Bg3 f6 18. Ng6 Bd7 19. Qh5 Qc8 20. h3 e5 21. Nxf8 Nxf8 22. dxe5 fxe5 23. Qxg5 Nh7 24. Qh5 Re6 25. f4 Be8 26. Qf3 e4 27. Qf2 Bd7 28. Ne2 Rf6 29. Nd4 Qe8 30. f5 Qh5 31. Be5 Rf7 32. Kh2 Ng5 33. Qg3 a6 34. Rf4 Nh7 35. Rg4 g5 36. fxg6 Bxg4 37. gxf7+ Kxf7 38. Rf1+ Ke7 39. Bd6+ 1-0

[Event "Cap d'Agde"]
[Site "?"]
[Date "1994.??.??"]
[Round "?"]
[White "Vyzmanavin, A."]
[Black "Djuric, S."]
[Result "1-0"]
[WhiteElo "2615"]
[BlackElo "2485"]
[PlyCount "99"]
[EventDate "1994.??.??"]
[Source "ChessBase"]
[SourceDate "1994.10.01"]

1. d4 Nf6 2. c4 e6 3. Nc3 d5 4. Bg5 Be7 5. e3 Nbd7 6. Nf3 O-O 7. Rc1 c6 8. Bd3 h6 9. Bh4 dxc4 10. Bxc4 b5 11. Bd3 a6 12. a4 bxa4 13. Nxa4 Qa5+ 14. Nd2 Bb4 15. Nc3 c5 16. Nc4 Qc7 17. O-O Bb7 18. Na2 a5 19. Nxb4 axb4 20. Bxf6 Nxf6 21. Nd2 Qc6 22. f3 Nd5 23. Rxc5 Qd7 24. Nc4 Rfd8 25. Qd2 Ba6 26. Ne5 Qe8 27. Nc6 Bxd3 28. Qxd3 Rd6 29. Rfc1 g5 30. g3 Qd7 31. R5c4 Rc8 32. Nxb4 Rxc4 33. Rxc4 Rb6 34. Nxd5 Qxd5 35. Qe2 Qb7 36. Rc2 Rb3 37. g4 Qb6 38. Kg2 Kg7 39. Rd2 Rb4 40. Qf2 Qb8 41. e4 e5 42. d5 Rb6 43. Qe2 h5 44. gxh5 Rf6 45. Qe3 Rf4 46. d6 g4 47. fxg4 Rxg4+ 48. Kh1 f5 49. h3 f4 50. Qc3 1-0

[Event "Calviá ol (Men)"]
[Site "Mallorca"]
[Date "2004.10.25"]
[Round "10.10"]
[White "Babula, Vlastimil"]
[Black "Gareev, Timur"]
[Result "1/2-1/2"]
[WhiteElo "2571"]
[BlackElo "2525"]
[PlyCount "86"]
[EventDate "2004.10.15"]
[Source "Roberto Alvarez"]
[SourceDate "2004.10.25"]

1. d4 d5 2. c4 e6 3. Nf3 Nf6 4. Nc3 Be7 5. Bg5 O-O 6. e3 Nbd7 7. Rc1 h6 8. Bh4 c6 9. Bd3 dxc4 10. Bxc4 b5 11. Bd3 a6 12. a4 bxa4 13. Nxa4 Qa5+ 14. Nd2 c5 15. Bxf6 Bxf6 16. Nxc5 e5 17. O-O exd4 18. Nde4 Qb6 19. Qf3 Nxc5 20. Nxc5 Ra7 21. exd4 Qxb2 22. d5 Be7 23. Qe4 f5 24. Qe3 Qb6 25. Rfe1 Bg5 26. f4 Re7 27. Qd4 Bf6 28. Qc4 Rxe1+ 29. Rxe1 Bd7 30. Kh1 Bb5 31. Qb4 Qd6 32. Nxa6 Qxb4 33. Nxb4 Bxd3 34. Nxd3 Rd8 35. Ne5 Rxd5 36. Nf3 g5 37. fxg5 hxg5 38. h3 Kf7 39. g4 Rb5 40. Re2 fxg4 41. hxg4 Rb4 42. Nh2 Be7 43. Nf3 Bf6 1/2-1/2

[Event "Albena"]
[Site "Albena"]
[Date "1984.??.??"]
[Round "?"]
[White "Tal, Mikhail N"]
[Black "Lechtynsky, Jiri"]
[Result "1-0"]
[WhiteElo "2620"]
[BlackElo "2470"]
[PlyCount "59"]
[EventDate "1984.??.??"]
[Source "www.chesslib.no"]
[SourceDate "2004.05.04"]

1. c4 Nf6 2. Nc3 e6 3. Nf3 d5 4. d4 Be7 5. Bg5 O-O 6. e3 Nbd7 7. Rc1 c6 8. Bd3 dxc4 9. Bxc4 c5 10. O-O h6 11. Bh4 cxd4 12. exd4 Nh5 13. Bxe7 Qxe7 14. d5 Nb6 15. d6 Qf6 16. Ne4 Qxb2 17. Rb1 Qa3 18. Ne5 Nxc4 19. Nxc4 Qxa2 20. Ned2 Nf6 21. Ra1 Qxa1 22. Qxa1 Bd7 23. Qb2 Bc6 24. Ne5 Bd5 25. Rc1 a5 26. Ndc4 a4 27. Nb6 a3 28. Qb4 a2 29. Nxa8 Rxa8 30. Ra1 1-0

[Event "HUN-ch"]
[Site "Budapest"]
[Date "1981.??.??"]
[Round "?"]
[White "Pinter, Jozsef"]
[Black "Farago, Ivan"]
[Result "1/2-1/2"]
[WhiteElo "2550"]
[BlackElo "2535"]
[PlyCount "28"]
[EventDate "1981.06.??"]
[Source "ChessBase"]

1. Nf3 Nf6 2. c4 e6 3. Nc3 d5 4. d4 Be7 5. Bg5 O-O 6. e3 Nbd7 7. Rc1 c6 8. Bd3 a6 9. O-O dxc4 10. Bxc4 b5 11. Bd3 c5 12. a4 bxa4 13. Nxa4 cxd4 14. Nxd4 Bb7 1/2-1/2

[Event "EU-ch 2nd"]
[Site "Ohrid"]
[Date "2001.06.10"]
[Round "9"]
[White "Ruck, Robert"]
[Black "Grabarczyk, Miroslaw"]
[Result "1-0"]
[WhiteElo "2557"]
[BlackElo "2506"]
[PlyCount "105"]
[EventDate "2001.06.01"]
[Source "ChessBase"]
[SourceDate "2001.09.13"]

1. Nf3 Nf6 2. c4 c6 3. d4 d5 4. Nc3 e6 5. Bg5 h6 6. Bh4 Nbd7 7. e3 Be7 8. Rc1 O-O 9. Bd3 b6 10. O-O Bb7 11. Qe2 c5 12. Rfd1 Ne4 13. Bg3 Nxg3 14. hxg3 Nf6 15. cxd5 exd5 16. dxc5 Bxc5 17. a3 Qe7 18. Ba6 Rad8 19. Bxb7 Qxb7 20. Rd3 Rfe8 21. Rcd1 Rd7 22. Qd2 Red8 23. Ne5 Rc7 24. Nxd5 Rxd5 25. Rxd5 Nxd5 26. Qxd5 Qxd5 27. Rxd5 Be7 28. Kf1 Rc1+ 29. Ke2 Bf6 30. Nd3 Rb1 31. e4 Bg5 32. f4 Be7 33. Rd7 Bc5 34. Rxa7 Rg1 35. b4 Bd4 36. Rd7 Bc3 37. Rc7 Ba1 38. Ne1 b5 39. Rc5 Bb2 40. Rxb5 Bc3 41. Nd3 Rxg2+ 42. Kf3 Rd2 43. Rd5 Ra2 44. b5 Rxa3 45. e5 g6 46. Ke4 Ra4+ 47. Ke3 Ra3 48. Rd8+ Kg7 49. Rd7 Rb3 50. e6 Bb4 51. Rxf7+ Kg8 52. Ke4 Bc3 53. Rb7 1-0

[Event "EUCup Las Palmas-Moscow"]
[Site "Las Palmas ESP"]
[Date "1989.??.??"]
[Round "?"]
[White "Illescas Cordoba, Miguel"]
[Black "Balashov, Yuri S"]
[Result "1/2-1/2"]
[WhiteElo "2525"]
[BlackElo "2530"]
[PlyCount "87"]
[EventDate "1989.??.??"]
[Source "www.chesslib.no"]
[SourceDate "2004.05.04"]

1. Nf3 Nf6 2. c4 e6 3. Nc3 d5 4. d4 Nbd7 5. Bg5 h6 6. Bh4 Be7 7. e3 O-O 8. Rc1 c6 9. Bd3 b6 10. O-O Bb7 11. Qe2 c5 12. Rfd1 Ne4 13. Bg3 Nxg3 14. hxg3 Nf6 15. cxd5 exd5 16. dxc5 Bxc5 17. Ba6 Qc8 18. Bxb7 Qxb7 19. Qb5 Rfd8 20. Qb3 Bf8 21. Rd4 Rd6 22. Rcd1 Rad8 23. g4 a6 24. g5 hxg5 25. Nxg5 g6 26. Nh3 Bh6 27. e4 Qe7 28. Nxd5 Nxd5 29. Rxd5 Bf8 30. Ng5 Rxd5 31. Rxd5 Rxd5 32. Qxd5 Qf6 33. b3 Bc5 34. Qd2 Bxf2+ 35. Qxf2 Qxg5 36. Qxb6 Qc1+ 37. Kf2 Qf4+ 38. Kg1 Qxe4 39. Qxa6 Qd4+ 40. Kf1 Qf4+ 41. Ke2 Qe4+ 42. Kf2 Qf4+ 43. Ke2 Qe4+ 44. Kf2 1/2-1/2

[Event "Mikenas mem op"]
[Site "Vilnius"]
[Date "1997.??.??"]
[Round "?"]
[White "Ionov, Sergey"]
[Black "Sulskis, Sarunas"]
[Result "1/2-1/2"]
[WhiteElo "2530"]
[BlackElo "2525"]
[PlyCount "43"]
[EventDate "1997.??.??"]
[Source "www.chesslib.no"]
[SourceDate "2004.05.04"]

1. d4 Nf6 2. c4 e6 3. Nf3 d5 4. Nc3 Nbd7 5. Bg5 Be7 6. e3 O-O 7. Rc1 c6 8. Bd3 h6 9. Bh4 dxc4 10. Bxc4 Nd5 11. Bg3 Nxc3 12. bxc3 b6 13. O-O Bb7 14. Qe2 c5 15. Rfd1 Nf6 16. dxc5 Qc8 17. cxb6 axb6 18. Be5 Ba6 19. Bb5 Bxb5 20. Qxb5 Qa6 21. a4 Rfc8 22. Bd4 1/2-1/2

[Event "Extraliga 2004/05"]
[Site "?"]
[Date "2005.04.16"]
[Round "10"]
[White "Babula Vlastimil"]
[Black "Lechtynsky Jiri"]
[Result "1/2-1/2"]
[WhiteElo "2584"]
[BlackElo "2464"]
[PlyCount "109"]
[EventDate "2005.??.??"]
[Source "www.chesslib.no"]
[SourceDate "2004.05.04"]

1. d4 Nf6 2. c4 e6 3. Nf3 d5 4. Nc3 Be7 5. Bg5 O-O 6. e3 Nbd7 7. Rc1 c6 8. Bd3 a6 9. b3 h6 10. Bh4 b6 11. O-O Bb7 12. Qe2 c5 13. Rfd1 Ne4 14. Bxe7 Qxe7 15. cxd5 exd5 16. dxc5 Ndxc5 17. Bb1 Rfd8 18. Nd4 g6 19. Qb2 Rac8 20. Nce2 Qf6 21. Nf4 Ng5 22. b4 Nce6 23. Nfe2 Ne4 24. Ng3 Nd6 25. h3 Nxd4 26. exd4 h5 27. Ne2 Nc4 28. Qb3 h4 29. Bd3 Kg7 30. Rc3 Rc7 31. Qc2 Re7 32. Qc1 Rde8 33. Rc2 b5 34. Nf4 Kg8 35. Re2 Rxe2 36. Nxe2 Qe7 37. a3 Kg7 38. Qc3 Qf6 39. Nc1 Rc8 40. Qa1 Rc7 41. Nb3 Bc8 42. Bf1 Nd6 43. Nc5 Ne4 44. f3 Ng3 45. Re1 Nf5 46. Re5 Re7 47. f4 Ng3 48. Qe1 Rxe5 49. fxe5 Qf4 50. Qf2 Qc1 51. Qf6+ Kg8 52. Qd8+ Kg7 53. Qf6+ Kg8 54. Qd8+ Kg7 55. Qf6+ 1/2-1/2

[Event "CZE-chT 9899"]
[Site "CZE"]
[Date "1999.??.??"]
[Round "5"]
[White "Babula, Vlastimil"]
[Black "Ioseliani, Nana"]
[Result "1/2-1/2"]
[WhiteElo "2555"]
[BlackElo "2490"]
[PlyCount "77"]
[EventDate "1998.??.??"]
[Source "www.chesslib.no"]
[SourceDate "2004.05.04"]

1. d4 d5 2. c4 e6 3. Nc3 c6 4. Nf3 Nf6 5. Bg5 h6 6. Bh4 Be7 7. e3 O-O 8. Rc1 Nbd7 9. Bd3 dxc4 10. Bxc4 c5 11. O-O a6 12. a4 cxd4 13. exd4 Nb6 14. Bb3 Bd7 15. a5 Nbd5 16. Bxd5 Nxd5 17. Nxd5 exd5 18. Bxe7 Qxe7 19. Qb3 Bb5 20. Rfe1 Qd8 21. Qb4 Rc8 22. Rc5 Re8 23. Rxe8+ Qxe8 24. h3 Qe6 25. Rxc8+ Qxc8 26. Qc5 Qf5 27. b4 f6 28. Qe7 Bc6 29. Nh4 Qb1+ 30. Kh2 Kh7 31. g4 Qf1 32. Qe3 Bd7 33. Ng2 Qc4 34. Qe7 Qc7+ 35. Kg1 Qc1+ 36. Kh2 Qc7+ 37. Kg1 Qc1+ 38. Kh2 Qc7+ 39. Kg1 1/2-1/2

[Event "Rishon Le Ziyyon"]
[Site "Rishon Le Ziyyon"]
[Date "1994.??.??"]
[Round "10"]
[White "Alterman, Boris"]
[Black "Zilberman, Yaacov"]
[Result "1-0"]
[WhiteElo "2585"]
[BlackElo "2460"]
[PlyCount "89"]
[EventDate "1994.11.??"]
[Source "ChessBase"]

1. c4 e6 2. Nc3 d5 3. d4 Nf6 4. Bg5 Be7 5. Nf3 Nbd7 6. e3 h6 7. Bh4 O-O 8. Rc1 c6 9. Bd3 dxc4 10. Bxc4 Nd5 11. Bg3 Nxc3 12. bxc3 b6 13. O-O Bb7 14. Qe2 c5 15. Rfd1 Qc8 16. e4 a6 17. Bd3 Re8 18. h4 Bc6 19. d5 exd5 20. exd5 Bxd5 21. Bf5 Qb7 22. Bxd7 Qxd7 23. Qe5 Rad8 24. c4 Bg5 25. hxg5 Rxe5 26. Bxe5 Qe6 27. gxh6 gxh6 28. Bc7 Bxf3 29. Rxd8+ Kh7 30. Bg3 Bc6 31. Rcd1 Qe4 32. f3 Qe3+ 33. Kh2 Ba4 34. R1d6 Qg5 35. Rd5 Qe7 36. Rc8 Bc2 37. Rc6 b5 38. cxb5 axb5 39. Rdxc5 Bb1 40. Rh5 Bg6 41. Rxb5 Qa3 42. Rb8 Qa5 43. Rc4 Bf5 44. a4 Be6 45. Rh4 1-0

[Event "Ducale Open 10th"]
[Site "?"]
[Date "2002.11.28"]
[Round "5"]
[White "Maksimenko Andrei"]
[Black "Dgebuadze Alexandre"]
[Result "1/2-1/2"]
[WhiteElo "2507"]
[BlackElo "2537"]
[PlyCount "73"]
[EventDate "2002.??.??"]
[Source "www.chesslib.no"]
[SourceDate "2004.05.04"]

1. Nf3 Nf6 2. c4 e6 3. Nc3 d5 4. d4 c6 5. Bg5 h6 6. Bh4 Nbd7 7. e3 Be7 8. Rc1 O-O 9. Bd3 dxc4 10. Bxc4 b5 11. Bd3 Bb7 12. Bb1 a6 13. Qc2 c5 14. dxc5 g5 15. Bg3 b4 16. Na4 Be4 17. Qb3 Bxb1 18. Rxb1 Nxc5 19. Nxc5 Bxc5 20. Rc1 Qb6 21. O-O Rac8 22. Rc4 Qb7 23. Rfc1 Be7 24. Nd4 Ne4 25. Qc2 Rxc4 26. Qxc4 Nxg3 27. hxg3 Bf6 28. b3 Kg7 29. Qc6 Qxc6 30. Rxc6 Bxd4 31. exd4 Rd8 32. Rc4 a5 33. Kf1 e5 34. Ke2 exd4 35. Kd3 Re8 36. Kd2 Re5 37. Rxd4 1/2-1/2

[Event "Altensteig"]
[Site "Altensteig"]
[Date "1989.??.??"]
[Round "?"]
[White "Lputian, Smbat G"]
[Black "Bischoff, Klaus"]
[Result "1-0"]
[WhiteElo "2540"]
[BlackElo "2500"]
[PlyCount "73"]
[EventDate "1989.07.??"]
[Source "ChessBase"]

1. d4 Nf6 2. c4 e6 3. Nf3 d5 4. Nc3 Be7 5. Bg5 O-O 6. e3 h6 7. Bh4 Nbd7 8. Rc1 c6 9. Bd3 dxc4 10. Bxc4 Nd5 11. Bg3 Nxc3 12. bxc3 b6 13. O-O Bb7 14. Qe2 Nf6 15. Rfd1 Ne4 16. Bf4 Qc8 17. Ne5 c5 18. Bb5 Nf6 19. c4 Rd8 20. Bg3 a6 21. Ba4 Ra7 22. Qb2 b5 23. cxb5 axb5 24. Bxb5 Qa8 25. a4 Bxg2 26. dxc5 Rxd1+ 27. Rxd1 Bxc5 28. Qc3 Rc7 29. Nxf7 Bd6 30. Nxh6+ Kh8 31. Nf7+ Kg8 32. Qe1 Rxf7 33. Rxd6 Bd5 34. Rb6 Rf8 35. Qb4 Rc8 36. Bf1 Nd7 37. Ra6 1-0

[Event "Tarrassa"]
[Site "Tarrassa"]
[Date "1990.??.??"]
[Round "8"]
[White "Rodriguez Vargas, Orestes"]
[Black "Illescas Cordoba, Miguel"]
[Result "1/2-1/2"]
[WhiteElo "2500"]
[BlackElo "2530"]
[PlyCount "22"]
[EventDate "1990.04.??"]
[Source "ChessBase"]

1. d4 d5 2. Nf3 Nf6 3. c4 e6 4. Nc3 Be7 5. Bg5 h6 6. Bh4 O-O 7. e3 Nbd7 8. Rc1 c6 9. Bd3 dxc4 10. Bxc4 b5 11. Bd3 a6 1/2-1/2

[Event "Buenos Aires ol (Men)"]
[Site "Buenos Aires ARG"]
[Date "1978.??.??"]
[Round "6"]
[White "Garcia Gonzales, Guillermo"]
[Black "Radulov, Ivan G"]
[Result "0-1"]
[WhiteElo "2535"]
[BlackElo "2490"]
[PlyCount "112"]
[EventDate "1978.10.25"]
[Source "www.chesslib.no"]
[SourceDate "2004.05.04"]

1. c4 Nf6 2. Nc3 e6 3. d4 d5 4. Bg5 Be7 5. e3 O-O 6. Nf3 Nbd7 7. Rc1 c6 8. Bd3 Ne8 9. Bf4 dxc4 10. Bxc4 Bd6 11. Bg3 Qc7 12. Bd3 Nef6 13. Nd2 Bxg3 14. hxg3 e5 15. d5 h6 16. Bb1 Rd8 17. O-O Nb6 18. dxc6 Nc4 19. Nb5 Qxc6 20. Nxa7 Rxa7 21. Rxc4 Qd6 22. Rc1 Be6 23. Nc4 Qb8 24. Qe1 Rc8 25. Qb4 Qc7 26. b3 Ra6 27. Rcd1 Bxc4 28. bxc4 g6 29. Rd2 Rb6 30. Qa3 Qxc4 31. Rfd1 Qb4 32. Qd3 Qb5 33. Rc2 Rxc2 34. Qd8+ Kg7 35. Bxc2 Ng4 36. Qd2 Qb2 37. f3 Rc6 38. fxg4 Rxc2 39. Qd5 Qc3 40. Rf1 Qxe3+ 41. Kh1 Rc7 42. Qd8 Qb6 43. Kh2 Qc6 44. Re1 Qc5 45. a4 Qe7 46. Qd3 Rc5 47. Rb1 Qc7 48. Qf3 b6 49. Rf1 Qe7 50. Qb3 Rc6 51. Qb5 Qe6 52. Re1 Rc5 53. Qb2 Qd6 54. Re4 Rd5 55. Qe2 Rd2 56. Qf1 Rd4 0-1

[Event "TCh-SCG Men"]
[Site "Budva"]
[Date "2004.09.17"]
[Round "9"]
[White "Damljanovic, Branko"]
[Black "Ivanovic, Bozidar"]
[Result "1-0"]
[WhiteElo "2579"]
[BlackElo "2445"]
[PlyCount "81"]
[EventDate "2004.09.08"]
[Source "Roberto Alvarez"]
[SourceDate "2004.09.21"]

1. d4 d5 2. c4 e6 3. Nc3 Nf6 4. Bg5 Be7 5. e3 O-O 6. Nf3 Nbd7 7. Rc1 c6 8. Bd3 b6 9. O-O Bb7 10. Qe2 Ne8 11. Bxe7 Qxe7 12. e4 dxc4 13. Bxc4 Nd6 14. Bb3 c5 15. e5 Nf5 16. d5 Nd4 17. Nxd4 cxd4 18. d6 Qh4 19. Nb5 Rac8 20. Rxc8 Rxc8 21. f4 d3 22. Qxd3 Nc5 23. Qg3 Qxg3 24. hxg3 Nxb3 25. axb3 Kf8 26. Rd1 Bd5 27. Nc7 Bxb3 28. Rd3 Bc2 29. Rc3 Bf5 30. Kf2 f6 31. Ke3 fxe5 32. fxe5 g5 33. Kd4 h5 34. Rf3 Kf7 35. Rxf5+ exf5 36. e6+ Kf6 37. e7 Rg8 38. Kd5 Kf7 39. Kc6 f4 40. e8=Q+ Rxe8 41. Nxe8 1-0

[Event "Corr"]
[Site "?"]
[Date "1998.01.05"]
[Round "?"]
[White "Brobakken Bjorn (NOR)"]
[Black "Rausch Stephan (GER)"]
[Result "1/2-1/2"]
[WhiteElo "2470"]
[BlackElo "2550"]
[PlyCount "72"]
[EventDate "1998.??.??"]
[Source "www.chesslib.no"]
[SourceDate "2004.05.04"]

1. d4 Nf6 2. c4 e6 3. Nc3 d5 4. Bg5 Be7 5. e3 O-O 6. Nf3 Nbd7 7. Rc1 h6 8. Bh4 c6 9. Bd3 dxc4 10. Bxc4 b5 11. Bd3 a6 12. a4 Bb7 13. O-O Re8 14. Qe2 Qa5 15. axb5 axb5 16. Ne4 Nxe4 17. Bxe4 Bxh4 18. Nxh4 Qb6 19. Nf3 Rec8 20. b4 Ra4 21. Bc2 Rxb4 22. Qd2 Rc4 23. Rb1 c5 24. Bb3 Qc7 25. Bxc4 bxc4 26. Ne1 cxd4 27. Qxd4 e5 28. Qc3 Nf6 29. Nf3 Bxf3 30. gxf3 e4 31. fxe4 Nxe4 32. Qd4 Ng5 33. f4 Rd8 34. Qb2 Ne4 35. Rfd1 Rxd1+ 36. Rxd1 c3 1/2-1/2

[Event "IX Open, Albacete ESP"]
[Site "?"]
[Date "2001.??.??"]
[Round "7"]
[White "Movsziszian, K."]
[Black "Gofshtein, Z."]
[Result "1/2-1/2"]
[WhiteElo "2505"]
[BlackElo "2515"]
[PlyCount "22"]
[EventDate "2001.??.??"]
[Source "www.chesslib.no"]
[SourceDate "2004.05.04"]

1. d4 Nf6 2. c4 e6 3. Nf3 d5 4. Nc3 Be7 5. Bg5 Nbd7 6. e3 h6 7. Bh4 O-O 8. Rc1 c6 9. Bd3 dxc4 10. Bxc4 b5 11. Bd3 Bb7 1/2-1/2